Hviezdy z futbalových lavičiek

Bibliographic Details
Main Author: Felt, Karel, 1957- (Author)
Other Authors: Hríbik, Rastislav (Translator)
Format: Book
Language:Slovak
Czech
PhysicalDescription:198 strán fotografie (prevažne farebné) 24 cm
Published: Bratislava Ikar 2018
ISBN:9788055161136
Edition:Prvé vydanie
Subjects:

MARC

LEADER 00000cam a2200000 4500
001 vtls011780403
003 SK-MaSNL
005 20260425230749.0
008 200228s2018 xo oc grh 000 0cslo
015 |a SNBA2018/09 
020 |a 9788055161136  |q (viazané) 
035 |a urn:nbn:sk:snk-am00dbcd 
035 |a urn:nbn:sk:snk-am3hwdd 
035 |a 485DB209-D26A-49EB-AD77-B6C4F981863A 
038 |a PPPK 
040 |a SNK  |b slo  |c SNK  |e rda 
041 1 |a slo  |h cze 
043 |a e-cs---  |a e-xo--- 
044 |a xo  |c SK 
072 7 |a 796  |x Šport. Hry. Telesné cvičenia  |2 konspekt 
072 7 |a 929  |x Biografie  |2 konspekt 
080 |a 796.332  |2 2011 
080 |a 796.332.071.43  |2 2011 
080 |a (437)  |2 2011 
080 |a (437.6)  |2 2011 
080 |a (092)  |2 2011 
080 |a 796.332.071.2  |2 2011 
100 1 |a Felt, Karel,  |d 1957-  |4 aut  |9 175298 
240 1 0 |a Naši nejlepší fotbalový trenéři  |l Slovensky 
245 1 0 |a Hviezdy z futbalových lavičiek  |c Karel Felt ; z českého originálu Naši nejlepší fotbalový trenéři ... preložil Rastislav Hríbik 
250 |a Prvé vydanie 
264 1 |a Bratislava  |b Ikar  |c 2018 
300 |a 198 strán  |b fotografie (prevažne farebné)  |c 24 cm 
336 |a text  |b txt  |2 rdacontent 
336 |a statický obraz  |b sti  |2 rdacontent 
337 |a bez média  |b nc  |2 rdamedia 
338 |a zväzok  |b nc  |2 rdacarrier 
650 0 7 |a futbal  |2 SNKPH  |9 3291 
650 0 7 |a futbaloví tréneri  |2 SNKPH  |9 68566 
650 0 7 |a Football  |2 SNKPHeng  |9 315473 
650 0 7 |a Soccer coaches  |2 SNKPHeng  |9 345222 
650 0 7 |a futbalisti  |2 SNKPH  |9 43771 
650 0 7 |a Soccer players  |2 SNKPHeng  |9 288841 
651 7 |a Československo  |2 SNKPHgeo  |9 21376 
651 7 |a Slovensko  |2 SNKPHgeo  |9 14231 
651 7 |a Czechoslovakia  |2 SNKPHeng  |9 265183 
651 7 |a Slovakia  |2 SNKPHeng  |9 92630 
655 7 |a biografie  |2 SNKPH  |9 27965 
655 7 |a Biography  |2 SNKPHeng  |9 266314 
700 1 |a Hríbik, Rastislav  |4 trl  |9 370347 
852 |a Podtatranská knižnica v Poprade 
919 |a 978-80-551-6113-6 
958 |a BX 
958 |a OP 
958 |a CZ 
968 |b ČES 
999 |c 685232  |d 687162 
952 |a SNK  |b SNK  |y PREZ  |7 0  |p 17A1337955  |o snkSC 181381  |i snk2018/22422  |8 0  |0 0  |1 0  |4 0  |d 2018-10-29  |f 1  |l 0  |r 2026-02-23 20:09:59  |w 2026-02-23 
952 |a SNK  |b SNK  |y VYP  |7 0  |p 17A1337954  |o snkSC 181381 D1  |i snk2018/22423  |8 0  |0 0  |1 0  |4 0  |d 2018-10-29  |l 0  |r 2026-02-23 20:09:59  |w 2026-02-23